Bête comme chou (click quiz) - Statistiques

Statistiques générales
  • Ce quiz a été pris 87 fois
  • Le résultat moyen est 10 sur 10
Statistiques - réponses
Hint Réponse % Correct
Ru ab ti Abruti
100%
Ui do lle an Andouille
99%
Rc hon ic co Cornichon
99%
Uré de me Demeuré
98%
Up de st pi Stupide
98%
Le bé im ci Imbécile
96%
Ga ni ud Nigaud
96%
Che nu nu Nunuche
96%
Mpl et si Simplet
95%
Se bé cas Bécasse
94%
Aucun quiz correspondant
Distribution des résultats
% des personnes avec chaque résultat
Percentile par nombre de réponses
Votre historique - résultats
Vous n’avez pas pris ce quiz